Del pecho como una gota /

Gespeichert in:
Bibliographische Detailangaben
1. Verfasser: Vasquez Portal, Manuel
Format: Unbekannt
Sprache:Spanish
Veröffentlicht: Cuba : Ediciones Unión, 1990.
Schlagworte:
Tags: Tag hinzufügen
Keine Tags, Fügen Sie den ersten Tag hinzu!

MARC

LEADER 000000000a22000000004500
001 001996
041 0 |a spa 
082 0 4 |a Cu861.44   |b V395p 
100 1 |a Vasquez Portal, Manuel 
245 1 4 |a Del pecho como una gota /   |c Manuel Vasquez Portal. 
260 1 |a Cuba :   |b Ediciones Unión,   |c 1990. 
300 |a 69 páginas ;   |c 17 cm. 
500 |a MANJUARI 
650 4 |a LITERATURA CUBANA 
650 4 |a POESIA 
999 |c 8604  |d 8604 
942 |c BK  |h Cu861.44 V395p  |2 z